| 000 | 00475nam a2200157Ia 4500 | ||
|---|---|---|---|
| 003 | OSt | ||
| 005 | 20230701111829.0 | ||
| 008 | 210423s9999 xx 000 0 und d | ||
| 040 | _cAL | ||
| 082 |
_a362.7 _223 _bRADM |
||
| 100 |
_aRADHIKA (V M). _9116504 |
||
| 245 | _aMother and child care in traditional medicine part second. | ||
| 260 |
_aBangalore _bCentr for social action _c2006 |
||
| 906 | _acare ; child ; medicine ; Mother ; second. ; traditional | ||
| 942 |
_2ddc _cBK |
||
| 999 |
_c174468 _d174468 |
||